Loading...
| Literature - British | 1 | 2 | 1 | 0 | 30 | 64 | 115.33 | 0 | 1 | 4.37 | 9.87 |
| Literature - American | 0 | 3 | 1 | 2 | 25 | 102 | 128.00 | 0 | 1 | 2.21 | 5.89 |
| Beliefs | 0 | 2 | 0 | 1 | 20 | 111 | 127.50 | 0 | 0 | 1.15 | 1.83 |
| Fine Arts - Other Arts | 0 | 1 | 0 | 0 | 10 | 110 | 110.00 | 0 | 0 | 1.38 | 5.38 |
| Literature - European | 0 | 1 | 0 | 1 | 10 | 145 | 145.00 | 0 | 0 | 0.05 | 0.64 |
| Literature - World | 0 | 1 | 0 | 0 | 10 | 100 | 100.00 | 0 | 1 | 2.39 | 6.15 |
| Other Academic | 0 | 1 | 0 | 0 | 10 | 108 | 108.00 | 0 | 0 | 2.93 | 6.06 |
| Philosophy | 0 | 1 | 0 | 0 | 10 | 113 | 113.00 | 0 | 1 | 1.25 | 7.05 |
| Fine Arts - Classical Music and Opera | 0 | 0 | 1 | 0 | -5 | 0.00 | 0 | 0 | 0.00 | 0.00 |